00433nam a2200121Ia 4500008004100000024005800041082001600099100006200115245004800177260002600225600002700251650003300278260210s9999 xx 000 0 und d a12B-91-EL, 12B-92-EL, 12B-120-EL & 12B-123-EL a620.072 MAN aManal Zia, Fariha Kamal, Mustajab Ahmed & Bilal Naeem 0aArtificial Environment for Plant Using FPGA aKarachi:bUITU,c2012 aElectrical Engineering aBachelor of Engineering (BE)